| 000 | 01515cam a2200457 4500 | ||
|---|---|---|---|
| 001 | M84009 | ||
| 002 | 4506 | ||
| 008 | 090401t1997 xxu||||| |||| 00| 0 eng d | ||
| 035 | _a(Sirsi) u78394 | ||
| 041 | _aeng | ||
| 050 | _a691 | ||
| 100 | _aSheehan, Tony | ||
| 245 | _aGood practice in the selection of construction materials. | ||
| 260 |
_aReading _bBritish Council for Offices _c1997 |
||
| 300 | _a31p. ; 30cm. | ||
| 350 | _a22 | ||
| 520 | _aReport carried out by Tony Sheehan of Ove Arup under the guidance of the steering group representing the British Council of Offices and the British Property Federation. | ||
| 650 | _aMANAGEMENT-HEALTH AND SAFETY-HAZARDOUS SUBSTANCES-ASBESTOS | ||
| 650 | _aBRICK SLIPS | ||
| 650 | _aBUILT ENVIRONMENT-BUILDING MATERIALS | ||
| 650 | _aCALCIUM SILICATE BRICKS | ||
| 650 | _aBUILT ENVIRONMENT-BUILDING MATERIALS | ||
| 650 | _aDELETERIOUS MATERIALS | ||
| 650 | _aEXCLUDED MATERIALS LISTS | ||
| 650 | _aEXCLUDED MATERIALS | ||
| 650 | _aGUIDANCE NOTES | ||
| 650 | _aHAZARDOUS MATERIALS | ||
| 650 | _aHIGH ALUMINA CEMENT | ||
| 650 | _aLEAD | ||
| 650 | _aMAN MADE MINERAL FIBRE | ||
| 650 | _aUREA-FORMALDEHYDE FOAM | ||
| 650 | _aVERMICULITE PRODUCTS | ||
| 650 | _aWOOD PRESERVATIVES | ||
| 650 | _aWOODWOOL SLABS | ||
| 690 | _aBUILT ENVIRONMENT-BUILDING MATERIALS | ||
| 710 | _aOve Arup and Partners | ||
| 710 |
_aBritish Council for Offices _93992 |
||
| 710 |
_aBritish Property Federation _91604 |
||
| 942 | _n0 | ||
| 948 | _c19/05/1997 | ||
| 999 |
_c96437 _d96437 |
||